World Cup Groups 2018 - Statistics

General Stats
  • This quiz has been taken 125 times
  • The average score is 27 of 32
Answer Stats
% Correct
Group D Argentina
97%
Group B Spain
96%
Group C France
95%
Group B Portugal
95%
Group A Russia
95%
Group E Brazil
94%
Group F Germany
94%
Group G England
93%
Group F South Korea
93%
Group H Japan
91%
Group G Belgium
90%
Group A Uruguay
90%
Group C Australia
89%
Group F Sweden
88%
Group D Croatia
87%
Group F Mexico
86%
Group D Nigeria
86%
Group E Switzerland
85%
Group A Saudi Arabia
84%
Group C Denmark
83%
Group A Egypt
83%
Group H Poland
83%
Group H Colombia
82%
Group B Iran
82%
Group G Panama
80%
Group D Iceland
79%
Group E Serbia
77%
Group H Senegal
76%
Group B Morocco
75%
Group E Costa Rica
74%
Group C Peru
73%
Group G Tunisia
66%
No matching quizzes found
Score Distribution
Percent of People with Each Score
Percentile by Number Answered
Your Score History
You have not taken this quiz